Tìm hiểu cơ sở lựa chọn và biện pháp thực hiện con đường cứu nước phát triển dân tộc của Phan Châu Trinh đầu thế kỉ XX
Những chuyển biến mới và yêu cầu khách quan của lịch sử dân tộc Việt Nam đầu thế kỉ XX. Cơ sở của việc lựa chọn, biện pháp thực hiện con đường cứu nước phát triển dân tộc của Phan Châu Trinh đầu thế kỉ XX.
Spremljeno u:
| Glavni autor: | |
|---|---|
| Daljnji autori: | |
| Format: | Knjiga |
| Jezik: | Vietnamese |
| Izdano: |
Đà Nẵng
Đại học Đà Nẵng
2007
|
| Teme: | |
| Oznake: |
Dodaj oznaku
Bez oznaka, Budi prvi tko označuje ovaj zapis!
|
| Thư viện lưu trữ: | Mạng thư viện Đại học Đà Nẵng |
|---|
| LEADER | 01648nam a2200349 4500 | ||
|---|---|---|---|
| 001 | 000012272 | ||
| 003 | 8566 | ||
| 005 | 20120217100223.0 | ||
| 008 | 120217s2007 viesd | ||
| 041 | |a vie | ||
| 072 | |a Khóa luận tốt nghiệp | ||
| 082 | |a 959.703092 |b PH-D | ||
| 100 | |a Phạm, Thị Dung |e Tác giả | ||
| 245 | |a Tìm hiểu cơ sở lựa chọn và biện pháp thực hiện con đường cứu nước phát triển dân tộc của Phan Châu Trinh đầu thế kỉ XX |c Phạm Thị Dung | ||
| 260 | |a Đà Nẵng |b Đại học Đà Nẵng |c 2007 | ||
| 300 | |a 50 tr. |c 29 cm | ||
| 500 | |a Khóa luận tốt nghiệp khoa Lịch sử. Lớp 031 LS01 | ||
| 520 | |a Những chuyển biến mới và yêu cầu khách quan của lịch sử dân tộc Việt Nam đầu thế kỉ XX. Cơ sở của việc lựa chọn, biện pháp thực hiện con đường cứu nước phát triển dân tộc của Phan Châu Trinh đầu thế kỉ XX. | ||
| 653 | |a Con đường cứu nước | ||
| 653 | |a Phan Châu Trinh | ||
| 653 | |a Cơ sở lựa chọn và biện pháp | ||
| 700 | |a Nguyễn Hữu Giang |c Th.S |e Hướng dẫn | ||
| OWN | |a LSP | ||
| AVA | |a UDN50 |b LSP |d 959.703092 PH-D |e available |t Error 5001 Not defined in file expand_doc_bib_avail. |f 1 |g 0 |h N |i 0 |k 1 | ||
| 999 | |a From the UDN01 | ||
| AVA | |a UDN50 |b LSP |d 959.703092 PH-D |e available |t Error 5001 Not defined in file expand_doc_bib_avail. |f 1 |g 0 |h N |i 0 |k 1 | ||
| TYP | |a Monograph | ||
| TYP | |a Printed language | ||
| 980 | |a Mạng thư viện Đại học Đà Nẵng | ||